Nithards vier Bücher Geschichten nach der Ausgabe der Monumenta Germaniae /

Elmentve itt :
Bibliográfiai részletek
Szerző: Nithardus
További közreműködők: Jasmund Julius von
Dokumentumtípus: Cikk
Megjelent: 1851
Sorozat:Kolligátum
Kulcsszavak:Franciaország története - középkor, Karolingok története
Online Access:http://misc.bibl.u-szeged.hu/23912
LEADER 00646nab a2200181 i 4500
001 misc23912
005 20191111110758.0
008 171024s1851 hu o 0|| zxx d
040 |a SZTE Miscellanea Repozitórium  |b hun 
041 |a zxx 
100 3 |a Nithardus  
245 1 0 |a Nithards vier Bücher Geschichten   |h [elektronikus dokumentum] :  |b nach der Ausgabe der Monumenta Germaniae /  |c  Nithardus  
260 |c 1851 
300 |a 1-18 
490 0 |a Kolligátum 
695 |a Franciaország története - középkor, Karolingok története 
700 0 1 |a Jasmund Julius von 
856 4 0 |u http://misc.bibl.u-szeged.hu/23912/1/010_014_001-018.pdf  |z Dokumentum-elérés